Investing in fixer-uppers : a complete guide to ... Read More
Available copies
- 1 of 1 copy available at LARL/NWRL Consortium. (Show)
- 1 of 1 copy available at Northwest Regional Library.
Current holds
0 current holds with 1 total copy.
Show Only Available Copies
| Location | Call Number / Copy Notes | Barcode | Shelving Location | Status | Due Date |
|---|---|---|---|---|---|
| Thief River Falls Public Library | 332.6324 DEC (Text) | 35500004057806 | Main | Available | - |
Record details
- ISBN: 0071414339 (alk. paper)
- Physical Description: xvi, 320 p. ; 23 cm.
- Publisher: New York : McGraw-Hill, c2003.
Content descriptions
| Bibliography, etc. Note: | Includes bibliographical references (p. 303-305) ... Read More |
Search for related items by subject
| Subject: | Real estate investment House buying. |
| LDR | 00969cam a22002537a 4500 | ||
|---|---|---|---|
| 001 | 82755 | ||
| 003 | LARL_NWRL_CONSORTIUM | ||
| 005 | 20040707111601.0 | ||
| 008 | 021217s2003 nyu b 001 0 eng | ||
| 010 | . | ‡a2003274819 | |
| 015 | . | ‡aGBA3-Z7791 | |
| 020 | . | ‡a0071414339 (alk. paper) | |
| 035 | . | ‡a(OCoLC)51272390 | |
| 040 | . | ‡aUKM ‡cUKM ‡dNAB ‡dEPL ‡dDLC | |
| 042 | . | ‡alccopycat | |
| 082 | 0 | 4. | ‡a332.63243 ‡221 |
| 100 | 1 | . | ‡aDeCima, Jay P. ‡0(LARL_NWRL_CONSORTIUM)182533 |
| 245 | 1 | 0. | ‡aInvesting in fixer-uppers : ‡ba complete guide to buying low, fixing smart, adding value, and selling (or renting) high / ‡cJay P. DeCima. |
| 260 | . | ‡aNew York : ‡bMcGraw-Hill, ‡cc2003. | |
| 300 | . | ‡axvi, 320 p. ; ‡c23 cm. | |
| 504 | . | ‡aIncludes bibliographical references (p. 303-305) and index. | |
| 650 | 0. | ‡aReal estate investment ‡0(LARL_NWRL_CONSORTIUM)29487 | |
| 650 | 0. | ‡aHouse buying. ‡0(LARL_NWRL_CONSORTIUM)22462 | |
| 901 | . | ‡a82755 ‡bISxN ‡c82755 ‡tbiblio | |

Add to basket
Permalink
Disable Highlighting